| 000 | 00534nam a22001577a 4500 | ||
|---|---|---|---|
| 003 | NUST | ||
| 005 | 20240228113457.0 | ||
| 082 | _a621.382 | ||
| 100 |
_a Mehfooz, Usman _934956 |
||
| 245 |
_aStudy, Design and Analysis of Parasitic Elements Effects on Radiation Pattern of a Dipole Antenna in X-Band high Gain and Directivity / _cUsman Mehfooz |
||
| 260 |
_aRawalpindi _b MCS - NUST, _c2013 |
||
| 300 | _a102 p. ; 30cm | ||
| 650 |
_aElectrical Engineering-MS-Thesis _916073 |
||
| 700 |
_aDr. Adnan Rashdi _934957 |
||
| 942 |
_2ddc _cTHE |
||
| 999 |
_c608424 _d608424 |
||